Fröhlich Palz, Gott erhalts! (Record no. 6399)

MARC details
000 -CABECERA
campo de control de longitud fija 00559nam a2200205 a 4500
001 - NÚMERO DE CONTROL
campo de control BRCA_6716
005 - FECHA Y HORA DE LA ÚLTIMA TRANSACCIÓN
campo de control 20190320205550.0
008 - DATOS DE LONGITUD FIJA--INFORMACIÓN GENERAL
campo de control de longitud fija 191011s1830----gw-a######---#000-0#ger-#
041 ## - CÓDIGO DE LENGUA
Código de lengua del texto/banda sonora o título independiente ger
044 ## - CÓDIGO DEL PAÍS DE LA ENTIDAD EDITORA/PRODUCTORA
Código MARC del país gw
050 #4 - SIGNATURA TOPOGRÁFICA DE LA BIBLIOTECA DEL CONGRESO
Número de clasificación PF5433
-- .N3 1830
100 1# - ENTRADA PRINCIPAL--NOMBRE DE PERSONA
Nombre de persona Nadler, Karl Christian Gottfried
Fechas asociadas al nombre 1809-1849
9 (RLIN) 16777
245 10 - MENCIÓN DE TÍTULO
Título Fröhlich Palz, Gott erhalts!
Mención de responsabilidad, etc. von Karl Gottfried Nadler.
260 ## - PUBLICACIÓN, DISTRIBUCIÓN, ETC.
Lugar de publicación, distribución, etc. Karlsruhe
Nombre del editor, distribuidor, etc. J. Lang
Fecha de publicación, distribución, etc. [1830]
300 ## - DESCRIPCIÓN FÍSICA
Extensión x, 346 p.
Otras características físicas il.
Dimensiones 17 cm.
500 ## - NOTA GENERAL
Nota general Incluye índice alfabético
500 ## - NOTA GENERAL
Nota general L49
902 ## - CATALOGADOR
Iniciales GFM
942 ## - ELEMENTOS DE PUNTO DE ACCESO ADICIONAL (KOHA)
Fuente del sistema de clasificación o colocación Library of Congress Classification
Tipo de ítem Koha Libros
Holdings
Estado de retiro Estado de pérdida Estado dañado No para préstamo Localización permanente Ubicación/localización actual Fecha de adquisición Número de inventario Total de préstamos Signatura topográfica completa Código de barras Fecha visto por última vez Precio válido a partir de Tipo de ítem Koha
El ejemplar forma parte de la colección y puede ser consultado según las políticas vigentes.       Biblioteca del Museo Franz Mayer (Rogerio Casas-Alatriste) Biblioteca del Museo Franz Mayer (Rogerio Casas-Alatriste) 19/10/2011 L49   PF5433 .N3 1830 (L49) 7163 22/03/2019 22/03/2019 Libros